000 02480cam a2200289 4500500
005 20260111092626.0
041 _afre
042 _adc
100 1 0 _aSimoens, Yves
_eauthor
245 0 0 _aLe dualisme johannique. Une question
260 _c2015.
500 _a64
520 _aL’interprétation par R. Bultmann d’un dualisme johannique, non au plan ontologique, mais à celui de la décision morale et religieuse, a bénéficié d’un large consensus, toutes composantes du corpus johannique et toutes confessions confondues. Il est ici remis en question parce qu’il ne semble pas correspondre aux données objectives des textes. Des orientations plus fondamentales de l’Évangile, de la première Épître et de l’Apocalypse sont mises en valeur à la lumière d’un sondage forcément limité d’extraits représentatifs dans le cadre d’un article. Le renvoi à d’autres contributions plus substantielles permet une justification plus serrée des positions adoptées. Le corpus johannique n’est pas dualiste parce que la Bible ne l’est pas, bien que certaines de ses pages puissent prêter à confusion de ce point de vue.
520 _aThe interpretation of a johannine dualism by R. Bultmann, not at an ontological level but at the level of moral and religious decision, has enjoyed a broad consensus running through all the components of the johannine corpus and all the denominations mixed together. Here it is put into question because it does not appear to correspond to the objective data of the texts. Some more fundamental orientations of the gospel, of the first letter and of the Apocalypse are enhanced in the light of an admittedly limited survey of representative extracts within the scope of an article. Reference to other more substantial contributions permits a stricter justification of the positions adopted. The johannine corpus is not dualistic because the Bible is not dualistic although certain passages can give rise to confusion with this point of view.
690 _aAlliance
690 _aBultmann
690 _adualisme
690 _aévangile de Jean
690 _aunité
690 _aBultmann
690 _acovenant
690 _adualism
690 _aJohn’s gospel
690 _aunity
786 0 _nNouvelle revue théologique | 137 | 2 | 2015-03-19 | p. 177-200 | 0029-4845
856 4 1 _uhttps://shs.cairn.info/revue-nouvelle-revue-theologique-2015-2-page-177?lang=fr&redirect-ssocas=7080
999 _c1624011
_d1624011